000 00609nam a2200241Ia 4500
005 20250425161744.0
008 250425s9999 xx 000 0 und d
020 _a9500818272
041 _aspa
082 _a158
100 _aGOLEMAN, DANIEL
245 0 _aLA PSICOLOGIA DEL AUTOENGAÑO
250 _a2A ED.
260 _aArgentina
_bATLANTIDA
_c1997
260 _aBUENOS AIRES
300 _a333
650 _aCONDUCTA HUMANA
650 _aPSICOLOGIA APLICADA
650 _aPSICOLOGIA DEL COMPORTAMIENTO
700 _aDOROTEA PLACKING DE SALCEDO
_etraductor
942 _c01
010 _a27844
999 _c215480
_d215480